| 000 | 00513nam a2200181Ia 4500 | ||
|---|---|---|---|
| 008 | 230718s9999 xx 000 0 und d | ||
| 020 | _a9789380501932 | ||
| 041 | _aeng | ||
| 082 |
_a004.6 _bPET |
||
| 100 |
_aPeterson L.L. _9108584 |
||
| 245 |
_aComputer Networks _bA Systems Approach |
||
| 250 | _a5th ed. | ||
| 260 |
_c2012 _bMorganKaufmann/Elsevier |
||
| 300 | _a884 | ||
| 365 |
_cRs. _b450.00 |
||
| 700 |
_aPeterson L.L. & Davie B.S. _9108585 |
||
| 906 |
_dO:0266829-Feb-2012B:282925-Jan-2012 _cIT _b562.5 |
||
| 999 |
_c330124 _d330124 |
||